Statistiques concernant UN NOM = UN PERSO DU MCU

Cliquez ici pour prendre le quiz!

Statistiques générales

  • Ce quiz a été pris 213 fois
    (60 depuis la dernière actualisation)
  • Le résultat moyen est 30 sur 86

Statistiques - réponses

ActeurHéros/Personnages% Correct
Tom HollandSpider-Man/Peter 1
100%
Tobey MaguireSpiderman/Peter 2
100%
Robert Downey JRIron Man/Tony Stark
98%
Scarlet JohanssonBlack Widow/Natasha Romanoff
92%
Chris EvansCaptain America/Steve Rogers
92%
Kirsten DunstMj/Mary-Jane Watson
89%
Chadwick BosemanBlack Panther/T'Challa
85%
ZendayaMj/Michelle Jones Watson
85%
Mark RuffaloHulk/Bruce Banner
79%
Zoe SaldanaGamora
72%
Vin DieselGroot
70%
Chris PrattStar Lord/Peter Quill
68%
Benedict CumberbatchDoctor Strange/Stephen Strange
64%
Bradley CooperRocket Raccoon
62%
Sebastian StanThe Winter Soldier/Bucky Barnes
62%
Brie LarsonCaptain Marvel/Carol Danvers
60%
Elizabeth OlsenScarlet Witch/Wanda Maximoff
58%
Anthony MackieFalcon/Sam Wilson
57%
Jeremy RennerHawkeye/Clint Barton
57%
Samuel L. JacksonNick Fury
57%
Paul RuddAnt-Man/Scott Lang
55%
David BautistaDrax
55%
Gwyneth PaltrowPepper Potts/Rescue
55%
Michael B. JordanKillMonger/N'Jadaka
53%
Karen GillanNebula
53%
Andrew GarfieldAmazing Spider-Man/Peter 3
51%
Paul BettanyVision/Victor Shade
51%
Benedict WongWong
51%
Evangeline LillyThe Wasp/Hope Van Dyne
47%
Chris HemsworthThor Odinson
43%
Jon FavreauHappy Hogan
40%
Pom KlementieffMantis
40%
Aaron Taylor-JohnsonQuicksilver/Pietro Maximoff
40%
Don CheadleWar Machine/James Rhodes
40%
Emma StoneGwen Stacy/Ghost Spider
38%
Idris ElbaHeimdall
34%
Nathalie PortmanJane Foster/Mighty Thor
34%
Tessa ThompsonValkyrie
34%
Michael DouglasHank Pym
32%
Hayley AtwellCaptain Carter/Peggy Carter
30%
Simu LiuShang-Chi
30%
Oscar IsaacMarc Spector/Moon Knight
28%
Letitia WrightShuri
28%
Tom HiddlestonLoki Laufeyson
26%
Danai GuriraOkoye
26%
Florence PughWhite Widow/Yelena Belova
26%
Xochitl GomezAmerica Chavez/Miss America
25%
Iman VellaniKamala Khan/Miss Marvel
25%
Angelina JolieThéna
23%
Cobie SmuldersMaria Hill
21%
Clark GreggPhil Coulson
21%
Michelle PfeifferJanet Van Dyne
19%
Richard MaddenIkaris
17%
Marisa TomeiMay Parker
17%
Owen WilsonMobius
17%
Lexi RabeMorgan Stark
17%
Lupita Nyong'oNakia
17%
Salma HayekAjak
15%
Barry KeoghanDruig
15%
James FrancoHarry Osborn 2
15%
Dane DeHaanHarry Osborn 3
15%
Tatiana MaslanyJennifer Walters/She-Hulk
15%
David HarbourRed Guardian/Alexei Shostakov
15%
Sophia Di MartinoSylvie/Loki Laufeydottir
15%
Ma Dong-SeokGilgamesh
13%
Hailee SteinfeldKate Bishop/Young Hawkeye
13%
Gemma ChanSersi
13%
Lia McHughSprite
13%
Rachel McAdamsChristine Palmer
11%
Harry StylesEros/Starfox
9%
AwkwafinaKaty Chen
9%
Kumail NanjianiKingo
9%
Lauren RidloffMakkari
9%
Teyonah ParrisMonica Rambeau/Photon
9%
Brian Tyree HenryPhastos
9%
Abbie Ryder FortsonCassie Lang
8%
Lashana LynchMaria Rambeau
8%
Jacob BatalonNed Leeds
8%
Julian HilliardBilly Maximoff/Wircan
6%
Jaimie AlexanderSyf
6%
Jett KlyneTommy Maximoff/Speed
6%
Kat DenningsDarcy Lewis
4%
Rachel WeiszIron Maiden/Melina Vostokoff
4%
May CalamawyLayla El-Faouly/Scarlet Scarab
4%
Meng'er ZhangXu Xialing
4%
Michael RookerYundu
4%

Distribution des résultats

Percentile par nombre de réponses

% des personnes avec chaque résultat

Votre développement - résultats

Vous n’avez pas pris ce quiz depuis la dernière actualisation